| 000 | 00771cam a2200289 4500500 | ||
|---|---|---|---|
| 005 | 20260405002849.0 | ||
| 041 | _afre | ||
| 042 | _adc | ||
| 100 | 1 | 0 |
_aSerero, Raphaëlle _eauthor |
| 245 | 0 | 0 | _aRepérages / mars 2019 |
| 260 | _c2019. | ||
| 500 | _a87 | ||
| 690 | _aDeleuze | ||
| 690 | _aDonna Haraway | ||
| 690 | _aFemme | ||
| 690 | _aFrançois Sureau | ||
| 690 | _aHannah Arendt | ||
| 690 | _aHeather Barr | ||
| 690 | _aHumusation | ||
| 690 | _aLuce Irigaray | ||
| 690 | _aManifester | ||
| 690 | _aMort | ||
| 690 | _aNaissance | ||
| 690 | _aŒuf | ||
| 786 | 0 | _nPhilosophie magazine | 127 | 3 | 2019-03-01 | p. 4-4 | 1951-1787 | |
| 856 | 4 | 1 | _uhttps://shs.cairn.info/magazine-philosophie-magazine-2019-3-page-4?lang=fr&redirect-ssocas=7080 |
| 999 |
_c2061878 _d2061878 |
||